| 000 | 00620nam a22001817a 4500 | ||
|---|---|---|---|
| 999 |
_c185852 _d185852 |
||
| 005 | 20220210142356.0 | ||
| 010 | _aENG-131503 | ||
| 020 |
_a9789389648904 _c599.00 |
||
| 035 | _aEN-115035 | ||
| 037 | _bDBAD | ||
| 082 | _a320.850954 | ||
| 100 | _aJha, Sanjay | ||
| 245 |
_aThe great Unravelling: _bIndia after 2014/ _cSanjay Jha |
||
| 260 |
_aChennai _bWestland Publication Private Limited _c2020 |
||
| 270 |
_a1st Floor, A Block, East Wing, Plot No. 40 SP infocity, Dr. MGR Salai, Pergudi, Kandanchavadi _bChennai _e600096 |
||
| 300 |
_a277p. _bNotes _c22cm(hbk) |
||
| 942 |
_2ddc _cEN _h320.850954 _mJHA |
||